| 000 | 00710nam a22002057a 4500 | ||
|---|---|---|---|
| 005 | 20240614121650.0 | ||
| 010 | _aENG-140612 | ||
| 020 |
_c969.00 _a9789361599729 |
||
| 035 | _aEN-124144 | ||
| 037 | _bDBAD | ||
| 082 |
_a511.3 _2Revised 5e |
||
| 100 |
_aDas, P. Sivaramakrishna _967515 |
||
| 245 |
_aDiscrete Structures/ _cBy P. Sivaramakrishna Das [and] C.Vijaykumari |
||
| 250 | _aRevised 5e | ||
| 260 |
_aNoida _bPearson India Education Pvt Ltd _c2024 |
||
| 270 |
_a1st Floor, Berger Tower, Plot No. C-001/2, Sector 16B _bNoida _e201301 _mcompanysecretary.india@pearson.com |
||
| 300 |
_avp. _c22cm(pbk) |
||
| 700 |
_aVijaykumari, C _967516 |
||
| 942 |
_2ddc _cEN _h511.3 _mDAS _eRevised 5e |
||
| 999 |
_c203604 _d203604 |
||